00443nam a2200121Ia 4500008004100000245004000041245005900081260000900140650003200149856004800181999001900229952007300248171211s9999 xx 000 0 und d aNolo's Encyclopedia of Everyday Law cBeth McKenna, J.D. Irving Shae, and Kathleen A. Michon c2003 xEncyclopedia and Dictionary uhttp://down.ebook777.com/064/0873379764.pdf c350148d350148 001040aCLbCLd2017-12-11l0r2017-12-11 00:00:00w2017-12-11yCBE